Ô nhiễm môi trường trái đất

Giới thiệu một cách hệ thống các hiện tượng ô nhiễm môi trường không khí, ánh sáng, nước, đất, đại dương... Những hậu quả của việc tăng dân số, cũng như kế hoạch hành động quốc gia của các nước nhằm bảo vệ môi trường và phát t...

Descrizione completa

Salvato in:
Dettagli Bibliografici
Autore principale: Nguyễn, Phước Tương
Natura: Libro
Lingua:Undetermined
Pubblicazione: Hà Nội Nông nghiệp 2014
Soggetti:
Tags: Aggiungi Tag
Nessun Tag, puoi essere il primo ad aggiungerne! !
Thư viện lưu trữ: Trung tâm Học liệu Trường Đại học Cần Thơ
LEADER 01003nam a2200205Ia 4500
001 CTU_200585
008 210402s9999 xx 000 0 und d
082 |a 363.739 
082 |b T561 
100 |a Nguyễn, Phước Tương 
245 0 |a Ô nhiễm môi trường trái đất 
245 0 |c Nguyễn Phước Tương 
260 |a Hà Nội 
260 |b Nông nghiệp 
260 |c 2014 
520 |a Giới thiệu một cách hệ thống các hiện tượng ô nhiễm môi trường không khí, ánh sáng, nước, đất, đại dương... Những hậu quả của việc tăng dân số, cũng như kế hoạch hành động quốc gia của các nước nhằm bảo vệ môi trường và phát triển bền vững 
650 |a Air,Không khí 
650 |x Pollution,Sự ô nhiễm 
904 |i Bằng 
980 |a Trung tâm Học liệu Trường Đại học Cần Thơ